| 000 | 01409nab a2200217 i 4500 | ||
|---|---|---|---|
| 001 | 768714001 | ||
| 003 | CO-MdFUSB | ||
| 005 | 20240507124155.0 | ||
| 008 | 240507t1968 sp ||||| |||| 00| 0 spa d | ||
| 040 |
_bspa _cCO-MdFUSB _dCO-MdFUSB |
||
| 041 | _aspa | ||
| 100 |
_aSchürmann, Heinz, _eautor |
||
| 245 |
_aPalabras y acciones de Jesús en la última cena _c/ Heinz Schürmann |
||
| 520 | _aLas palabras que acompañan al ofrecimiento quieren significar y explicar predicativamente qué clase de alimento salvífico es entregado en concreto con el pan y con el cáliz ofrecido a todos de manera tan poco habitual. El pan y el cáliz no son ofrecidos como alimento y bebida para presentar la muerte de Jesús -sólo simbólicamente (= sacramentum tantum) - como salvífica, sino porque el pan y el cáliz son dones salvíficos. Las palabras explicativas que los acompañan no intentan simplemente identificar lo ofrecido con el «cuerpo» y la «sangre>> (= sacramentum et res), sino sobre todo caracterizarlos de distinta manera como dones salvíficos (= res sacramenti). | ||
| 650 | 0 |
_aBiblia _916 |
|
| 650 | 7 |
_aEucaristía _9365 |
|
| 653 | _aÚltima cena | ||
| 773 | 0 |
_049450 _982600 _oR2530 _tRevista internacional de teología Concilium _w(CO-MdFUSB)8 _x0210-1041 _gNúmero 40, (diciembre, 1968), páginas: 629 - 640 _qpágina: 629 |
|
| 942 | _cANA | ||
| 945 | _aCatherine Arias Alvarez - Practicante SENA | ||
| 999 |
_c69559 _d69559 |
||